| 000 | 00895nam a22002657a 4500 | ||
|---|---|---|---|
| 005 | 20141111134552.0 | ||
| 008 | 141111t2014 xxka frbd 001 0 eng d | ||
| 020 | _a9781292042169 | ||
| 040 | _aEG-ScBUE | ||
| 082 | 0 | 0 |
_222 _a001.42 _bGRA |
| 100 | 1 |
_aGraziano, Anthony M. _936492 |
|
| 245 | 1 | 0 |
_aResearch methods : _ba process of inquiry / _cAnthony M. Graziano, Michael L. Raulin. |
| 250 |
_a8th ed., _bPearson new international ed. |
||
| 260 |
_aHarlow, United Kingdom : _bPearson Education Limited, _cc.2014. |
||
| 300 |
_all, 425 p. : _bill. ; _c28 cm. |
||
| 490 | 0 | _aAlways learning | |
| 500 | _aIncludes glossary. | ||
| 500 | _aIndex : p. 417-425. | ||
| 504 | _aIncludes bibliographical references. | ||
| 650 | 0 |
_927690 _aResearch _xMethodology |
|
| 653 |
_bBUSADM _cNovember2014 |
||
| 655 |
_vreading book _934232 |
||
| 700 | 1 |
_aRaulin, Michael L. _936493 |
|
| 942 |
_2ddc _k001.42 GRA |
||
| 999 |
_c18599 _d18571 |
||